Pengikut Musa dan pengikut Firaun

Bibliographic Details
Main Author: Syalabiy, Saad Ismail
Format: Book
Published: Ciro : Dar Al-Fikir Al-Arabi , 1993
Series:Siri pendidikan Al Quran untuk kanak-kanak
Subjects:

MARC

LEADER 00000cam a2200000 7i4500
001 0000006687
002 000007209
005 20000330.0
020 |a 9836235701 
090 0 0 |a 297.122   |b SYA 
100 1 |a Syalabiy, Saad Ismail 
245 1 0 |a Pengikut Musa dan pengikut Firaun   |c Saad Ismail Syalabiy ; penterjemah Norhayati Jusoh 
260 |a Ciro :   |b Dar Al-Fikir Al-Arabi ,   |c 1993 
300 |a 36p. ;   |c 23cm. 
490 0 |a Siri pendidikan Al Quran untuk kanak-kanak 
650 0 0 |a Islamic stories, Malay 
999 |a 039946   |b BUKU   |c PINJAMAN   |e PERPUSTAKAAN KOMUNITI PETALING JAYA 
999 |a 039947   |b BUKU   |c PINJAMAN   |e PERPUSTAKAAN KOMUNITI PETALING JAYA 
999 |a 054949   |b BUKU   |c JUNIOR BOOKS   |e PERPUSTAKAAN KOMUNITI CAW KOTA DAMANSARA